00618nam a2200217Ia 450000500170000000800410001702000140005804000190007204100120009108200130010310000190011624500670013526000480020230000130025044000250026350400500028863000200033865000140035865100170037285000110038920231116114755.0131103s9999 xx 000 0 und d a748622624 aLoreto College aEnglish a323bFOS aFoster, Steven aThe Judiciary, Civil Liberties and Human RightscSteven Foster aEdinburghbEdinburgh University Pressc2006 axv,228p  aPolitics Study Guide aIncludes bibliographical references and index aCivil Liberties aJudiciary aHuman Rights aLCLIB